Speedy Sorted Scrambles Quiz Stats

Quiz Updated Jul 22, 2012

Challenge
Share
Tweet
Embed
Score 0/36 Timer 02:00
1 Play Today
Answer % Correct
Black
92.6%
Brown
92.6%
White
92.6%
Green
92.2%
Lemon
90.3%
Nixon
87.6%
Grape
85.9%
Apple
83.6%
Obama
82.6%
Peach
81.7%
Tiger
81%
Zebra
80.1%
Italy
79.9%
Tyler
78.7%
Haiti
78.6%
Snake
77.8%
Horse
73.4%
Nepal
72.5%
Answer % Correct
Adams
72.3%
Grant
71.4%
Beige
69.8%
Niger
68.6%
Hayes
66.9%
Spain
66.8%
Mango
64.7%
Olive
63.2%
Moose
57.7%
Hitch
57.3%
Speed
55.6%
Rocky
45.7%
Gigli
41%
Alien
39.7%
Nauru
36.4%
Crash
35.9%
Otter
34.6%
Sepia
24.1%

You're not logged in!

Compare scores with friends on all Sporcle quizzes.
Join for Free
OR
Log In

You Might Also Like...

Show Comments

Extras

Top Quizzes Today


Score Distribution

Your Account Isn't Verified!

In order to create a playlist on Sporcle, you need to verify the email address you used during registration. Go to your Sporcle Settings to finish the process.

Report this User

Report this user for behavior that violates our Community Guidelines.

Details: